Harry Potter Lehrer nach Fach - Statistiken

Allgemein
  • Dieses Quiz wurde 254 mal gespielt
  • Das Durchschnittsergebnis liegt bei 12 aus 15
Antwortstatistiken
Hint Antwort % Korrekt
Lehrer/in für Verteidigung gegen die dunklen Künste in Harrys 6. Jahr Snape
100%
Schulleiter/in von Hogwarts Dumbledore
94%
Lehrer/in für Pflege magischer Geschöpfe Hagrid
90%
Lehrer/in für Verteidigung gegen die dunklen Künste in Harrys 2. Jahr Lockhart
88%
Lehrer/in für Verteidigung gegen die dunklen Künste in Harrys 3. Jahr Lupin
88%
Lehrer/in für Verteidigung gegen die dunklen Künste in Harrys 4. Jahr Moody
87%
Lehrer/in für Verteidigung gegen die dunklen Künste in Harrys 5. Jahr Umbridge
87%
Hauslehrer/in von Gryffindor Mcgonagall
85%
Lehrer/in für Verteidigung gegen die dunklen Künste in Harrys 1. Jahr Quirrell
82%
Hauslehrer/in von Ravenclaw Flitwick
77%
Fluglehrer/in Hooch
76%
Hauslehrer/in von Hufflepuff Sprout
73%
Lehrer/in für Wahrsagen Trelawney
71%
Schulleiter/in vom Durmstrang-Institut Karkaroff
64%
Schulleiter/in von Beauxbatons Maxime
61%
Keine übereinstimmenden Quizze gefunden
Verteilung der Resultate
Anzahl Personen mit jedem Resultat
Perzentil nach korrekt beantworteten Fragen
Ihre Resultats-Entwicklung
Sie haben dieses Quiz noch nicht gespielt